000 00770nam a2200253Ia 4500
003 OSt
005 20220928120856.0
006 a|||||r|||| 00| 0
007 ta
008 220927b |||||||| |||| 00| 0 hin d
020 _cINR 2000.00
024 _a134862
037 _b304, 09/03/2017, Eastern Book Linkers
_cTextual
040 _aSDCL
_cSDCL
_bhin
041 _2hin
_ahin
082 _a015,2:g, Q7.1-.2
100 _aJha Devkant
_9451320
245 0 _aJayshankar Prashad aur sanskrit natyasahitya (2 Vol. Sets)
260 _aDelhi
_bAbhishek
_c2017
300 _axii,560p.
_ccm.
650 _aSanskrit
_9391587
942 _h015,2:g, Q7.1-.2
_cTEXL
_2CC
999 _c765393
_d765393